000
00307nam a2200133Ia 4500
005
20260328101516.0
008
260328s9999||||xx |||||||||||||| ||und||
100
_a
Corazón, Alberto
245
0
_a
Bauhaus /
_c
Alberto Corazón
260
_b
Dedalo
300
_a
224 p.
650
_a
ARQUITECTURA
942
_c
BK
999
_c
9401
_d
9401